Statistics for Beatles UK B-Sides (1963-1965)

Click here to take the quiz!

General Stats

  • This quiz has been taken 65 times
  • The average score is 7 of 11

Answer Stats

A SideB Side% Correct
Love Me DoP.S. I Love You
86%
Day TripperWe Can Work It Out
75%
Help!I'm Down
71%
I Want To Hold Your HandThis Boy
71%
Ticket To RideYes It Is
70%
I Feel FineShe's A Woman
68%
From Me To YouThank You Girl
66%
She Loves YouI'll Get You
61%
Please Please MeAsk Me Why
57%
Can't Buy Me LoveYou Can't Do That
57%
A Hard Days NightThings We Said Today
50%

Score Distribution

Percentile by Number Answered

Percent of People with Each Score

Your Score History

You have not taken this quiz